00285nam a2200121Ia 4500008004100000041000800041082001300049100001900062245004000081260001000121300002500131365000700156240624s9999 xx 000 0 und d aeng a823 SAW  aSAWANT SHIVAJI aSRIKRISHNA THE LORD OF THE UNIVERSE aPune  a1066 pages ; , 23 cm cRS